000 00808nam a2200205Ii 4500
003 JO-AjNU
008 230605s9999||||xx |||||||||||||| ||und||
020 _a9957-10-025-4
040 _aJO-AjNU
_bara
_erda
_cJO-AjNU
041 _aara
050 1 4 _aBP130.73 1900
100 3 _aاعداد البزم، نضال ، مروان عبد الواحد,
_eauthor
_914843
245 0 0 _aالإعجاز في القرآن الكريم: مواضيع منوعة لإعجاز الله في خلقه، ايات قرآنية واحأديث نبوية
264 3 1 _aد.م: دار الحسن للنشر والتوزيع، 1900
300 _a80ص
336 _atext
_btxt
_2rdacontent
337 _aunmediated
_bn
_2rdamedia
338 _avolume
_bnc
_2rdacarrier
650 4 _aالقران الكريم - الاعجاز
_914844
999 _aA4054
_c7622
_d7622